Didáctica y metodología de las Ciencias Naturales en la Enseñanza Media

Đã lưu trong:
Chi tiết về thư mục
Tác giả chính: Vidal Box, Carlos (Tác giả)
Định dạng: Sách
Ngôn ngữ:Tiếng Tây Ban Nha
Được phát hành: Madrid Dirección General de Enseñanza Media 1961
Loạt:Revista Enseñanza Media, 234
Những chủ đề:
Các nhãn: Thêm thẻ
Không có thẻ, Là người đầu tiên thẻ bản ghi này!

MARC

LEADER 00000nam a2200000 a 4500
001 UCH4641
003 CL-VaPUC
008 090827e19610000SP |||||||||||||||||spa|d
082 0 4 |a 372.35  |b VID  |2 21 
100 0 |a Vidal Box, Carlos  |e author  |9 540294 
245 1 0 |a Didáctica y metodología de las Ciencias Naturales en la Enseñanza Media 
300 |a 348 p 
942 |c BK 
945 |d 20090827 00:00:00  |a dcastane 
260 |a Madrid  |b Dirección General de Enseñanza Media  |c 1961 
650 0 |a Programas de educación  |9 339040 
650 7 |a ENSEÑANZA DE LAS CIENCIAS NATURALES  |2 CL-VaPUC  |9 540295 
583 |a last modification  |c 20090827 00:00:00  |k Rodrigo Vera 
490 0 |a Revista Enseñanza Media, 234 
999 |c 335915  |d 335913 
952 |0 0  |1 0  |4 0  |6 372_350000000000000_VID_1961  |7 0  |8 P  |9 426767  |a BIBEDU  |b BIBEDU  |c BIBEDU_PB  |d 2019-11-22  |i 4594290  |o 372.35 VID 1961  |p 4594290  |r 2024-01-25  |w 2019-11-22  |y BK  |k BME